|
|
|
|
| LEADER |
01501nam a2200349 i 4500 |
| 001 |
34394 |
| 003 |
BD-DhAAL |
| 005 |
20190325093957.0 |
| 008 |
190325t2019 enk b 001 0 eng |
| 999 |
|
|
|c 40534
|d 40534
|
| 010 |
|
|
|a 2018003050
|
| 020 |
|
|
|a 9781138304499 (pbk)
|
| 020 |
|
|
|a 9781138304475 (hbk)
|
| 020 |
|
|
|z 9780203730072 (ebk)
|
| 040 |
|
|
|a DLC
|b eng
|c DLC
|e rda
|d DLC
|d BD-DhAAL
|
| 042 |
|
|
|a pcc
|
| 050 |
0 |
0 |
|a H62
|b .T5496 2018
|
| 082 |
0 |
0 |
|a 001.42
|2 23
|
| 100 |
1 |
|
|a Tjora, Aksel
|9 30533
|
| 245 |
1 |
0 |
|a Qualitative research as stepwise-deductive induction /
|c Aksel Tjora.
|
| 260 |
|
|
|a London ;
|a New York :
|b Routledge, Taylor & Francis Group,
|c c2019
|
| 300 |
|
|
|a 172 pages ;
|c 22 cm.
|
| 490 |
0 |
|
|a Routledge advances in research methods ;
|v 26
|
| 504 |
|
|
|a Includes bibliographical references and index.
|
| 505 |
0 |
|
|a The basis for qualitative research -- Analysis as stepwise-deductive induction -- Observation studies -- Field notes and recordings -- Forms of qualitative interviews -- The practice of interviewing -- Document studies -- Quality and presentation of research.
|
| 526 |
|
|
|a ESS
|
| 541 |
|
|
|a Parama
|e 34394
|
| 650 |
|
0 |
|a Qualitative research.
|9 30534
|
| 650 |
|
0 |
|a Social sciences
|x Methodology.
|9 30535
|
| 852 |
|
|
|a Ayesha Abed Library
|c General Stacks
|
| 942 |
|
|
|2 ddc
|c BK
|
| 952 |
|
|
|0 0
|1 0
|2 ddc
|4 0
|6 001_420000000000000_TJO
|7 0
|9 65152
|a BRACUL
|b BRACUL
|c GEN
|d 2019-02-26
|e Parama
|g 2129.29
|l 4
|m 24
|o 001.42 TJO
|p 3010034394
|r 2026-01-31
|s 2025-11-23
|t 1
|v 2129.29
|w 2019-02-26
|y BK
|